000 00510nam a22001697a 4500
008 161011b xxu||||| |||| 00| 0 eng d
020 _a0130497150
082 _22003
_aDC 658.8068
_bK84
100 _915940
_aKotler, Philip
245 _aMarketing management/
_cPhilip Kotler.
260 _aNew Jersey:
_bPrentice Hall,
_cc2003.
300 _axxix, 706 + various paging:
_bcolor illustrations;
_c25 cm.
500 _aincludes indexes.
650 0 _915941
_aMarketing
365 _b3600.00
_cPhp
942 _2ddc
_cDC
999 _c5120
_d5120